000 00509cam a2200193 4500
008 020917n2002 000 0 eng u
020 _a1860815812
035 _a(Sirsi) u119719
050 _a621.885
100 _aNewman, C.
245 _aSelecting gaskets for construction joints
260 _aLondon
_bCRC
_c2002
300 _a12p.
_bill.
_c30cm.
490 _aBRE Digest
_v469
650 _aCONSTRUCTION JOINTS
650 _aGASKETS
690 _aBUILT ENVIRONMENT-BUILDING MATERIALS
942 _n0
999 _c102373
_d102373